Southville International School and Colleges
Your cart is empty.
  • Cart
  • Lists
    Public lists list_1 View all
    Your lists Log in to create your own lists
  • Log in to your account
  • Your cookies
  • Search history
Southville International School and Colleges
  • Advanced search
  • Recent comments
  • Most popular
  • Libraries

Log in to your account

Log in with GOOGLE


If you do not have an external account, but do have a local account, you can still log in:

  1. Home
  2. MARC view: Shopping tourism, retailing and leisure /
Normal view MARC view ISBD view

Shopping tourism, retailing and leisure / (Record no. 356653)

[ view plain ]
MARC details
000 -LEADER
fixed length control field 00622nam a2200229Ia 4500
008 - FIXED-LENGTH DATA ELEMENTS--GENERAL INFORMATION
fixed length control field 180523s9999 xx 000 0 und d
020 ## - INTERNATIONAL STANDARD BOOK NUMBER
International Standard Book Number 81-309-0297-4
050 ## - LIBRARY OF CONGRESS CALL NUMBER
Classification number MAIN G 155.A1
050 ## - LIBRARY OF CONGRESS CALL NUMBER
Item number .T56 2006
100 ## - MAIN ENTRY--PERSONAL NAME
Personal name Timothy, Dallen J.
245 #0 - TITLE STATEMENT
Title Shopping tourism, retailing and leisure /
245 #0 - TITLE STATEMENT
Statement of responsibility, etc Dallen J. Timothy.
260 ## - PUBLICATION, DISTRIBUTION, ETC. (IMPRINT)
Place of publication, distribution, etc New Delhi :
260 ## - PUBLICATION, DISTRIBUTION, ETC. (IMPRINT)
Name of publisher, distributor, etc Viva Books Private Ltd.,
260 ## - PUBLICATION, DISTRIBUTION, ETC. (IMPRINT)
Date of publication, distribution, etc 2006
300 ## - PHYSICAL DESCRIPTION
Extent 222 pages :
300 ## - PHYSICAL DESCRIPTION
Dimensions 22 cm.
440 ## - SERIES STATEMENT/ADDED ENTRY--TITLE
Title Aspects of tourism 23
500 ## - GENERAL NOTE
General note Includes bibliographical references and index.
650 ## - SUBJECT ADDED ENTRY--TOPICAL TERM
Topical term or geographic name as entry element Tourism.
650 ## - SUBJECT ADDED ENTRY--TOPICAL TERM
General subdivision Retail trade.
Holdings
Withdrawn status Lost status Damaged status Home library Current library Shelving location Date acquired Cost, normal purchase price Total Checkouts Full call number Barcode Date last seen Price effective from Koha item type
      South Mansfield College South Mansfield College   01/09/2008 1.00   MAIN G 155.A1 .T56 2006 SMC03901 05/23/2018 05/23/2018  

Shopping tourism, retailing and leisure /

APA

Timothy D. J., .Shopping tourism, retailing and leisure. New Delhi: .

Chicago

Timothy Dallen J, .Shopping tourism, retailing and leisure. New Delhi: .

Harvard

Timothy D. J., .Shopping tourism, retailing and leisure. New Delhi: .

MLA

Timothy Dallen J, .New Delhi: . .

  • Place hold
  • Print
  • Cite
  • Add to your cart (remove)
  • Save record
    BIBTEX Dublin Core MARCXML MARC (non-Unicode/MARC-8) MARC (Unicode/UTF-8) MARC (Unicode/UTF-8, Standard) MODS (XML) RIS
  • More searches
    Search for this title in:
    Other Libraries (WorldCat) Other Databases (Google Scholar) Online Stores (Bookfinder.com) Open Library (openlibrary.org)

Exporting to Dublin Core...

SOUTHVILLE LIBRARY

Southville International School and Colleges Library

1281 Tropical Ave. Cor. Luxembourg St., BF Homes International, Las Pinas City

Tel. No. 8256374 / 252358 Loc. 117/146

Powered by Koha